000 00650nam a2200229Ia 4500
003 OSt
005 20220926003741.0
006 a|||||r|||| 00| 0
007 ta
008 220923b |||||||| |||| 00| 0 eng d
037 _cGeneral Book
040 _aRTL
_cRTL
_beng
041 _2eng
_aeng
082 _aX:89Q8.2.N8, M7
100 _aMaheshwari B L Ed.
_9307738
245 0 _aQuality circles
260 _a New Delhi
_bOxford& IBH India
_c1987
300 _avii, 148p. Bibliography P 136-43
_ccm.
650 _aQuality Control
942 _hX:89Q8.2.N8, M7
_cGB
_2CC
999 _c608796
_d608796